000 00689nam a2200205 i 4500
001 33847
003 ES-MaACL
005 20250801154216.0
007 t|
008 030203s1958 sp ||||1| spa d
100 1 _aBlank-Eismann, Marie.
_929322
245 1 0 _aSissí
_b: (el camino de espinas de una emperatriz) /
_cpor Marie Blank-Eismann ; [traducción del alemán Juan Edmundo Benusiglio].
260 _aBarcelona :
_bAHR,
_c[1958] (
_fEstrada Hnos.)
300 _a2 t. ;
_c20 cm.
490 1 _aHistoria y amor
700 1 _aBenusiglio, Juan Edmundo.
_927804
830 0 0 _aHistoria y amor
_9182274
852 _aES-MaACL
_jC-1384-9
_bR.41989
999 _c33847
_d33847